00680 a2200205 4500999001900000001000600019003000500025005001700030008004100047020001500088082001800103100003000121245009000151250000800241260004400249300001400293500003100307942003600338952010000374 c320972d32097285899NUST20180121172514.0180121b xxu||||| |||| 00| 0 eng d a1555876897 a332.46943 HEI aDorothee Heisenberg99375 aThe mark of the Bundesbank : Germany's role in European monetary cooperationhEnglish a1st aBoulderbLynne Rienner Publishersc1999 ax, 214 p. aGifted By AM Masood Akhtar acaenustcBKk332.46943 HEI2ddc 001040708NFICaCAEbCAEd2017-04-03l0o332.46943 HEIpCAEG-9834r2017-04-05w2017-04-05yBK